000 00419nam a22001457a 4500
008 131127b xxu||||| |||| 00| 0 eng d
050 _aSPC DA68.32.G6H35 1953
100 _aHanson, Lawrence
_94288
245 _aGordon
_bThe Story of a hero
260 _aLondon
_bPeter Davies
_c1953
300 _a256p.
_c20cm
650 _aGordon, Charles George
_94289
700 _aHanson, Elisabeth
_94290
942 _2lcc
_cMONOGRAPH
999 _c118808
_d118808